Hamilton - Guess the Song by Lyric - Statistics

General Stats
  • This quiz has been taken 563 times
  • The average score is 28 of 46
Answer Stats
Lyric Song % Correct
And her body's saying, "hell yes" Say No to This
92%
I will kill your friends and family You’ll Be Back
90%
Angelica, Eliza, and Peggy! The Schuyler Sisters
86%
Is it a question of "if," Burr, or which one? A Winter’s Ball
83%
Love doesn't discriminate between the sinners and the saints Wait for It
82%
I'm the damn fool that shot him Alexander Hamilton
79%
A diamond in the rough, a shiny piece of coal My Shot
77%
Run away with us for the summer let's go upstate Take a Break
75%
It's Ben Franklin with a key and a kite Satisfied
74%
The world has no place in our bed Burn
73%
But then he shakes your hand and says, "Be true" Helpless
72%
I can almost see the headlines- your career is done We Know
72%
You punched the bursar? Aaron Burr, Sir
71%
At his own house? Damn! The Reynolds Pamphlet
69%
Chaos and bloodshed are not a solution! Farmer Refuted
68%
I guess I basically missed the late '80s What’d I Miss
66%
Uhh who provided those funds? (France) Cabinet Battle #2
65%
I couldn't seem to die Hurricane
65%
The code word is "Rochambeau," dig me? Yorktown (The World Turned Upside Down)
65%
Raise a glass to freedom- something they can never take away The Story of Tonight
62%
Domestic life was never quite my style Dear Theodosia
61%
We know who's really doing the planting Cabinet Battle #1
60%
He gives me what you always wanted- He gives me more time Who Lives, Who Dies, Who Tells Your Story
59%
Weehawken. Dawn. Guns. Drawn. Your Obedient Servant
59%
Yo, who the f is this? Non-Stop
58%
Jefferson has beliefs; Burr has none The Election of 1800
58%
Call me son one more time! Meet Me Inside
57%
What's he gonna do on the bench, I mean? Guns and Ships
56%
That poor man- they're going to eat him alive! I Know Him
56%
Whatever it is, Jefferson started it One Last Time
55%
Now I'm the model of a modern major general Right Hand Man
53%
She's married to a British officer The Story of Tonight – Reprise
53%
The pieces that are sacrificed in every game of chess The Room Where It Happens
52%
I would always change the line Stay Alive – Reprise
51%
I led my men straight into a massacre History Has Its Eyes on You
50%
And I pray- That never used to happen before It’s Quiet Uptown
50%
Your man has to answer for his words, Burr Ten Duel Commandments
50%
The meeting's at dawn Best of Wives and Best of Women
49%
Since when are you a democratic republican? Schuyler Defeated
47%
The fact that you're alive is a miracle That Would Be Enough
46%
This immigrant isn't somebody we chose! Washington on Your Side
45%
Creole bastard The Adams Administration
44%
I'm a general- wheeeee! Stay Alive
43%
Do you know how hard it is to lead? What Comes Next?
43%
How 'bout when I get back we all strip down to our socks? Blow Us All Away
41%
Laurens leads a soldier's chorus on the other side The World Was Wide Enough
39%
No matching quizzes found
Score Distribution
Percent of People with Each Score
Percentile by Number Answered
Your Score History
You have not taken this quiz